|
|
|
|
| LEADER |
01338nam a22002417a 4500 |
| 001 |
30660 |
| 003 |
BD-DhAAL |
| 005 |
20241124124430.0 |
| 008 |
151130s1997 bg ||||| |||| 00| 0 ben d |
| 040 |
|
|
|a BD-DhAAL
|c BD-DhAAL
|
| 082 |
|
|
|2 22
|a 307.14120954921
|
| 245 |
|
|
|a ত্রৈমাসিক অবলোকন প্রতিবেদন,
|g (এপ্রিল-জুন' ৯৭).
|
| 260 |
|
|
|a ঢাকা :
|b অবলোকন বিভাগ, ব্র্যাক,
|c ১৯৯৫.
|
| 300 |
|
|
|a ৩১ পৃষ্টা :
|b চিত্র ;
|c ২৯ সে.মি.
|
| 541 |
|
|
|a Complimentary copy from BRAC
|e 30660
|
| 610 |
|
|
|a BRAC
|9 16546
|
| 650 |
|
|
|a Rural development
|z Bangladesh.
|9 16547
|
| 710 |
|
|
|a ব্র্যাক
|9 16548
|
| 852 |
|
|
|a Ayesha Abed Library
|
| 942 |
|
|
|2 ddc
|c BK
|
| 999 |
|
|
|c 36320
|d 36320
|
| 952 |
|
|
|0 0
|1 0
|2 ddc
|4 0
|6 307_141209549210000_TRI
|7 1
|8 RPT
|9 57104
|a BRACUL
|b BRACUL
|c BRS
|d 2015-11-30
|e Complimentary copy from BRAC
|l 0
|o 307.14120954921 TRI
|p 3010030660
|r 2015-11-30
|t 1
|w 2015-11-30
|y BK
|x Complimentary copy from BRAC; Price not available in register.
|
| 952 |
|
|
|0 0
|1 0
|2 ddc
|4 0
|6 307_141209549210000_TRI
|7 1
|8 RPT
|9 57105
|a BRACUL
|b BRACUL
|c BRS
|d 2015-11-30
|e Complimentary copy from BRAC
|l 0
|o 307.14120954921 TRI
|p 3010030661
|r 2015-11-30
|t 2
|w 2015-11-30
|y BK
|x Complimentary copy from BRAC; Price not available in register.
|